| 000 | 005420000a22001810004500 | ||
|---|---|---|---|
| 003 | MACL | ||
| 005 | 20160405163544.0 | ||
| 008 | 160405b xxu||||| |||| 00| 0 eng d | ||
| 040 |
_aMACL _cMACL |
||
| 041 | _aHindi | ||
| 082 | _a400 | ||
| 100 |
_aडॉ दिनेश चमोला शैलेश _919761 |
||
| 245 | _aअनुवाद और अनुप्रयोग | ||
| 260 |
_bअदिश प्रकाशन _c2006 _aदेहरादून |
||
| 350 | _a300 | ||
| 650 |
_aLanguage _950649 |
||
| 942 |
_cHIN _k400/CHA _2ddc |
||
| 999 |
_c41545 _d41545 |
||